[Investovanie na trhu komodít a reálnych aktív]
Recenzia na publikáciu s názvom Investovanie na trhu komodít a reálnych aktív. Kniha je zaujímavým doplnením ponuky odbornej ekonomickej literatúry na slovenskom knižnom trhu. Venuje sa problematike jednotlivých segmentov komoditných trhov a tiež trhom reálnych aktív. Zameriava sa najmä na akciové,...
Enregistré dans:
| Auteur principal: | |
|---|---|
| Format: | Chapitre de livre |
| Langue: | slovaque |
| Sujets: | |
| Tags: |
Pas de tags, Soyez le premier à ajouter un tag!
|
MARC
| LEADER | 00000naa a2200000 4500 | ||
|---|---|---|---|
| 001 | 0250837 | ||
| 005 | 20260205071900.2 | ||
| 041 | 0 | |a slo | |
| 044 | |a SK | ||
| 245 | 1 | 0 | |a [Investovanie na trhu komodít a reálnych aktív] |c Peter Gernát |
| 520 | |a Recenzia na publikáciu s názvom Investovanie na trhu komodít a reálnych aktív. Kniha je zaujímavým doplnením ponuky odbornej ekonomickej literatúry na slovenskom knižnom trhu. Venuje sa problematike jednotlivých segmentov komoditných trhov a tiež trhom reálnych aktív. Zameriava sa najmä na akciové, dlhopisové alebo peňažné trhy, komoditné trhy a trhy reálnych alebo takzvaných alternatívnych aktív. | ||
| 610 | 2 | 0 | |a recenzie |
| 610 | 2 | 0 | |a stratégia investičná |
| 610 | 2 | 0 | |a trh finančný |
| 610 | 2 | 0 | |a aktíva finančné |
| 610 | 2 | 0 | |a komodity |
| 610 | 2 | 0 | |a dlhopisy |
| 100 | 1 | |a Gernát, Peter | |